Моделирование детонационных свойств моторных топлив; Проблемы геологии и освоения недр; Т. 2
| Parent link: | Проблемы геологии и освоения недр: труды XXIII Международного симпозиума имени академика М. А. Усова студентов и молодых ученых, посвященного 120-летию со дня рождения академика К. И. Сатпаева, 120-летию со дня рождения профессора К. В. Радугина, Томск, 8-12 апреля 2019 г./ Национальный исследовательский Томский политехнический университет, Инженерная школа природных ресурсов ; гл. ред. А. С. Боев ; под ред. Е. Ю. Пасечник.— , 2019 Т. 2.— 2019.— [С. 361-363] |
|---|---|
| Glavni avtor: | |
| Korporativna značnica: | |
| Drugi avtorji: | , |
| Izvleček: | Заглавие с экрана |
| Jezik: | ruščina |
| Izdano: |
2019
|
| Serija: | Современные технологии подготовки и переработки природных ресурсов Химические технологии подготовки и переработки горючих ископаемых |
| Teme: | |
| Online dostop: | http://earchive.tpu.ru/handle/11683/56282 |
| Format: | Elektronski Book Chapter |
| KOHA link: | https://koha.lib.tpu.ru/cgi-bin/koha/opac-detail.pl?biblionumber=630092 |
MARC
| LEADER | 00000naa2a2200000 4500 | ||
|---|---|---|---|
| 001 | 630092 | ||
| 005 | 20231101133608.0 | ||
| 035 | |a (RuTPU)RU\TPU\conf\30979 | ||
| 035 | |a RU\TPU\conf\30978 | ||
| 090 | |a 630092 | ||
| 100 | |a 20191015d2019 k y0rusy50 ca | ||
| 101 | 0 | |a rus | |
| 102 | |a RU | ||
| 105 | |a y z 100zy | ||
| 135 | |a drcn ---uucaa | ||
| 181 | 0 | |a i | |
| 182 | 0 | |a b | |
| 200 | 1 | |a Моделирование детонационных свойств моторных топлив |f Н. Д. Радченко, А. М. Карпова |g науч. рук. М. А. Самборская | |
| 203 | |a Текст |c электронный | ||
| 225 | 1 | |a Современные технологии подготовки и переработки природных ресурсов | |
| 225 | 1 | |a Химические технологии подготовки и переработки горючих ископаемых | |
| 230 | |a 1 компьютерный файл (pdf; 363 Kb) | ||
| 300 | |a Заглавие с экрана | ||
| 320 | |a [Библиогр.: с. 363 (5 назв.)] | ||
| 461 | 1 | |0 (RuTPU)RU\TPU\conf\30471 |t Проблемы геологии и освоения недр |o труды XXIII Международного симпозиума имени академика М. А. Усова студентов и молодых ученых, посвященного 120-летию со дня рождения академика К. И. Сатпаева, 120-летию со дня рождения профессора К. В. Радугина, Томск, 8-12 апреля 2019 г. |o в 2 т. |f Национальный исследовательский Томский политехнический университет, Инженерная школа природных ресурсов ; гл. ред. А. С. Боев ; под ред. Е. Ю. Пасечник |d 2019 | |
| 463 | 1 | |0 (RuTPU)RU\TPU\conf\30475 |t Т. 2 |v [С. 361-363] |d 2019 | |
| 610 | 1 | |a труды учёных ТПУ | |
| 610 | 1 | |a электронный ресурс | |
| 610 | 1 | |a моделирование | |
| 610 | 1 | |a детонационные свойства | |
| 610 | 1 | |a моторные топлива | |
| 610 | 1 | |a добавки | |
| 610 | 1 | |a прямогонные фракции | |
| 610 | 1 | |a нефтепереработка | |
| 610 | 1 | |a углеводороды | |
| 700 | 1 | |a Радченко |b Н. Д. | |
| 701 | 1 | |a Карпова |b А. М. | |
| 702 | 1 | |a Самборская |b М. А. |c химик-технолог |c доцент Томского политехнического университета, кандидат химических наук |f 1960- |g Марина Анатольевна |2 stltpush |4 727 | |
| 712 | 0 | 2 | |a Национальный исследовательский Томский политехнический университет |b Инженерная школа природных ресурсов |b Отделение химической инженерии |h 8085 |2 stltpush |3 (RuTPU)RU\TPU\col\23513 |
| 801 | 2 | |a RU |b 63413507 |c 20191024 |g RCR | |
| 856 | 4 | |u http://earchive.tpu.ru/handle/11683/56282 | |
| 942 | |c BK | ||